| 000 | 00597nam a2200205Ia 4500 | ||
|---|---|---|---|
| 005 | 20250508170203.0 | ||
| 008 | 008 250505s9999 xx 000 0 eng d | ||
| 020 | _a978-93-84139-46-9 | ||
| 037 | _aReference | ||
| 040 |
_aFEDL _beng _cFEDL |
||
| 041 |
_aeng _2eng |
||
| 084 |
_a370.15, LOR/RR _qFEDL |
||
| 100 |
_aLord Janet Ed. _9729177 |
||
| 245 | 0 | _aPsychology of education: Theory, research and evidence- based practice | |
| 260 |
_aLondon, UK _bSage _c2022 |
||
| 300 | _ax, 570p. | ||
| 365 |
_aGBP _b33.99 |
||
| 942 |
_cREF _h370.15, LOR/RR |
||
| 999 |
_c1399684 _d1399684 |
||